00270nam a2200109Ia 4500082001200000100002200012245003400034260002800068300002600096650001700122650002100139 aTD.0235 aDalal, Manoharlal 0aMalwa me kala tatha sthapatya c1972bVikram University a343p., maps. + C D 18 aARTS - MALWA aMALWA - HISTORY